Loading...
| Current Events | 2 | 10.00 | 50% | 50% | 0% |
| Fine Arts - Classical Music | 4 | 2.50 | 25% | 0% | 0% |
| Fine Arts - Other | 2 | 5.00 | 50% | 0% | 0% |
| Fine Arts - Painting and Sculpture | 2 | 5.00 | 50% | 0% | 0% |
| Geography | 1 | 10.00 | 100% | 0% | 0% |
| History - American | 3 | 10.00 | 100% | 0% | 0% |
| History - European | 2 | 5.00 | 50% | 0% | 0% |
| History - Other | 2 | 5.00 | 50% | 0% | 0% |
| History - World | 3 | 6.67 | 67% | 0% | 0% |
| Literature - World | 1 | 10.00 | 100% | 0% | 0% |
| Religion | 2 | 10.00 | 100% | 0% | 0% |
| Science - Biology | 1 | 20.00 | 100% | 100% | 0% |
| Science - Other | 3 | 3.33 | 33% | 0% | 0% |
| Social Science | 1 | 20.00 | 100% | 100% | 0% |